000 00957nam a22002417a 4500
001 BRCA_9167
003 FranzMayer
005 20220809130419.0
008 220624b |||||||| |||| 00| 0 eng d
020 _a9789053309247
040 _cFranz
050 _aTR820
_b.W67 2019
245 _aWorld Press Photo 2019 /
_cedición general David Campbell ; traducción Cristina Rodríguez Fischer.
260 _aÁmsterdam, Países Bajos :
_bSchilt Publishing : Stichting World Press Photo,
_c2019.
300 _a239 p.
_bil. (principalmente a color)
_c25 cm.
500 _aUbicación: L59-N5
500 _aCatálogo de la exposición realizada en el Museo Franz Mayer (Ciudad de México), 19 julio - 15 septiembre, 2019
650 _aFotoperiodismo
_vExposiciones
_xPremios
_95406
650 _aFotografía
_vExposiciones
_xPremios
_95407
700 _aRodríguez Fischer, Cristina
_etr.
_911352
700 _aCampbell, David
_eed.
_928351
942 _2lcc
_cB
999 _c10786
_d10786